000 01763nam a2200217Ia 4500
999 _c30221
_d30221
003 OSt
005 20210512153916.0
008 160316s2005 xxu||||| |||| 00| 0 eng d
040 _cNLS
082 _a344.041 LAL
100 _aLal Rakesh
245 _aSubstance use disorder : manual for physicians
260 _aNew Delhi
_bNational Drug Dependence Treatment Centre
_c2005
300 _a208p
365 _bGratis
505 _aContents: Preface; Foreword; Acknowledgements; 1. Drug De-addiction Programmes in India; 2. Assessment and Diagnosis in Substance Use Disorder; 3. Epidemiology of Substance Use; 4. Acute Effects of Alcohol, Opioid and Cannabis Use; 5. Health Hazards of Long Term Alcohol, Opioid and Cannabis Use; 6. Treatment Principles and Issues in Management of Substance Use Disorder – An Overview; 7. Pharmacotherapy of Substance Use Disorder; 8. Long-Term Treatment of Opioid Dependence Syndrome; 9. Psychosocial Treatment in Substance Use Disorder Contents; 10. Community-based Treatment of Substance Use Disorder; 11. Nicotine Dependence; 12. Intervention with Treatment Non Seekers; 13. Role of Laboratory Services in Substance Use Disorder; 14. Prevention of Substance Abuse in India; 15. Management of Substance Use Disorder in Primary Care; 16. Comorbidity in Substance Use Disorder; 17. Substance use disorder in Women; 18. Adolescent Substance Abuse; 19. Legal Aspects of Drug Abuse in India; Appendix 1; Appendix 2; Appendix 3; Appendix 4; Appendix 5; Appendix 6; Appendix 7; Appendix 8; List of Contributors; Glossary.
650 _a1. Medical Law 2. Substance Abuse - Treatment
700 _a
_a
856 _uhttp://www.antoniocasella.eu/archila/Lal_Manual_2005.pdf
942 _2ddc
_cBK